| 000 | 00496nam a2200181Ia 4500 | ||
|---|---|---|---|
| 001 | 1879 | ||
| 005 | 20260306143801.0 | ||
| 008 | 260306t2008||||xx |||||||||||||| ||spa|| | ||
| 041 | _aESP | ||
| 082 |
_a158.1 _bB86 |
||
| 100 |
_aBuckingham, Marcus _eAUT |
||
| 245 | 0 |
_aNo se detenga... ponga a funcionar sus fortalezas: _b6 pasos poderosos para lograr un desempeño notable |
|
| 260 | _c2008 | ||
| 300 |
_a268 páginas : _c23 cm. |
||
| 650 | _aGEN | ||
| 654 | _aCPS | ||
| 942 |
_cLIB _dJUS _fJUS _2ddc _n |
||
| 999 |
_c1879 _d1879 |
||